000 00871nam a2200301 i 4500
999 _c136148
_d136148
001 C2-0338865
003 PPAK
005 20190306153425.0
008 161128s2012 my a|||| ||||| | eng d
020 _a9789675601231
040 _aPPAK
_beng
_cPPAK
_erda
082 0 4 _a823
_223
090 0 0 _a823
_bNOR
_dK
090 2 0 _a823
_bNOR
_dRK
100 0 _aNor Azizul Harun,
_d1970-
_eauthor
245 1 0 _aFreedom for independence
264 1 _aSubang Jaya, Selangor :
_bExcellent Book Distributors ,
_c2012
300 _a22 pages :
_bcolour illustrations ;
_c21 cm
336 _2rdacontent
_atext
337 _2rdamedia
_aunmediated
338 _2rdacarrier
_avolume
490 1 _aYoung patriotic series
500 _aIncludes summary pages
650 1 0 _aHistorical fiction, English.
700 _eauthor
830 0 _aYoung patriotic series
942 _cB
_2ddc